1M+ Cities In <10M Countries With A Map - Statistics

General Stats
  • This quiz has been taken 101 times
  • The average score is 38 of 43
Answers on the Map
Answers color-coded by a green-red scale on the quiz's map according to % correct below.
 
Answer Stats
Rank City Country Population % Correct
18 Copenhagen Denmark 1,680,000
99%
29 Dublin Ireland 1,390,000
99%
15 Montevideo Uruguay 1,860,000
99%
20 Panama City Panama 1,540,000
99%
34 Helsinki Finland 1,300,000
98%
12 Minsk Belarus 2,000,000
98%
38 Oslo Norway 1,190,000
98%
33 Sofia Bulgaria 1,300,000
98%
28 Ulaanbaatar Mongolia 1,400,000
98%
25 Zürich Switzerland 1,430,000
98%
23 Abu Dhabi United Arab Emirates 1,500,000
96%
8 Asunción Paraguay 2,350,000
96%
1 Singapore Singapore 7,900,000
96%
9 Vienna Austria 2,250,000
96%
17 Beirut Lebanon 1,750,000
95%
26 Belgrade Serbia 1,420,000
95%
5 Budapest Hungary 2,625,000
95%
2 Dubai United Arab Emirates 5,350,000
95%
3 Kuwait City Kuwait 4,750,000
95%
31 Tbilisi Georgia 1,350,000
95%
35 Tripoli Libya 1,250,000
95%
22 Yerevan Armenia 1,500,000
95%
27 Auckland New Zealand 1,410,000
94%
14 San Salvador El Salvador 1,900,000
94%
4 Tel Aviv Israel 2,700,000
94%
41 Bishkek Kyrgyzstan 1,090,000
90%
6 Doha Qatar 2,425,000
90%
24 Muscat Oman 1,430,000
90%
30 Ashgabat Turkmenistan 1,390,000
89%
10 Brazzaville Republic of the Congo 2,250,000
88%
16 Freetown Sierra Leone 1,790,000
84%
21 Manama Bahrain 1,530,000
84%
40 Tegucigalpa Honduras 1,150,000
84%
7 San José Costa Rica 2,375,000
83%
32 Managua Nicaragua 1,320,000
82%
19 Monrovia Liberia 1,590,000
82%
37 Bangui Central African Republic 1,190,000
78%
42 Dushanbe Tajikistan 1,010,000
78%
11 Lomé Togo 2,100,000
77%
43 Banjul Gambia 1,000,000
70%
13 Gaza Palestine 1,960,000
57%
39 Pointe-Noire Republic of the Congo 1,180,000
29%
36 San Pedro Sula Honduras 1,210,000
27%
No matching quizzes found
Score Distribution
Percent of People with Each Score
Percentile by Number Answered
Your Score History
You have not taken this quiz